| 000 | 01006nam a2200241 a 4500 | ||
|---|---|---|---|
| 001 | BRCA_2241 | ||
| 005 | 20190320203728.0 | ||
| 008 | 930721s1988 mx a bc f000 0 spa d | ||
| 040 |
_aAzTeS _cAzTeS _dTxU |
||
| 050 | 4 |
_aND1335 _b.C53 1988 |
|
| 100 | 1 |
_aCiancas, María Esther _94126 |
|
| 245 | 1 | 0 |
_aCatálogo de la colección de miniaturas del Museo Nacional de Historia _cMaría Esther Ciancas, Bárbara Meyer. |
| 260 |
_aMéxico _bINAH _c1988 |
||
| 300 |
_a133 p. _bil. (algunas a color) _c21 cm. |
||
| 440 | 0 |
_aColección catálogos de museos _96739 |
|
| 500 | _aInluye índice de los pintores, su obra y facsímiles e índice de personajes | ||
| 504 | _aBibliografía : p. 131-133 | ||
| 610 | 2 | 4 |
_aMuseo Nacional de Historia (Ciudad de México) _vCatálogos _94127 |
| 650 | 1 | 4 |
_aPintura en minitura _vCatálogos _ySiglos XVIII y XIX _zMéxico _96740 |
| 650 | 1 | 4 |
_aMiniaturas del retrato _vCatálogos _ySiglos XVIII y XIX _zMéxico _96741 |
| 700 | 1 |
_aMeyer de Stinglhamber, Bárbara _96742 |
|
| 942 |
_2lcc _cB |
||
| 999 |
_c1992 _d1992 |
||